000 00633cab a2200229 4500
001 WB3307-27
008 090401t1997 xxu||||| |||| 00| 0 eng d
035 _a(Sirsi) u49572
041 _aeng
245 _aPractice directions
260 _c1997
350 _a0
490 _aNew Law Journal
_v147(6778) 7 February 1997, 191(2)
520 _aFull text of Lands Tribunal Practice Directions 4/97 pre-trial review and 5/97 expert eviidence.
650 _aEXPERT EVIDENCE
650 _aLANDS TRIBUNAL
650 _aPRACTICE DIRECTIONS
650 _aPRE-TRIAL REVIEW
690 _aLAW
942 _n0
948 _c04/03/1997
999 _c31030
_d31030